Les relations interafricaines aujourd'hui (Запись № 10575796)
[ простой вид ]
| 000 -МАРКЕР | |
|---|---|
| контрольное поле | 01209nam0a22003011 4500 |
| 001 - ИДЕНТИФИКАТОР ЗАПИСИ | |
| контрольное поле | RU\INFOCOMM_327\NLR\5000080337 |
| 005 - ИДЕНТИФИКАТОР ВЕРСИИ | |
| контрольное поле | 20250614080727.0 |
| 035 ## - ДРУГИЕ СИСТЕМНЫЕ НОМЕРА | |
| Идентификатор записи | (NLR Aleph) 010612498 |
| 100 ## - ДАННЫЕ ОБЩЕЙ ОБРАБОТКИ | |
| Данные общей обработки | 20130326d1986 |||y0rusy50 ca |
| 101 1# - ЯЗЫК РЕСУРСА | |
| Язык текста, звукозаписи и т.д. | французский |
| Язык оригинала | русский |
| 102 ## - СТРАНА ПУБЛИКАЦИИ ИЛИ ПРОИЗВОДСТВА | |
| Страна публикации | российская федерация |
| 105 ## - ПОЛЕ КОДИРОВАННЫХ ДАННЫХ: ТЕКСТОВЫЕ МАТЕРИАЛЫ, МОНОГРАФИЧЕСКИЕ | |
| Кодированные данные о монографическом текстовом документе | y z|||| |
| 200 1# - ЗАГЛАВИЕ И СВЕДЕНИЯ ОБ ОТВЕТСТВЕННОСТИ | |
| Основное заглавие | Les relations interafricaines aujourd'hui |
| Первые сведения об ответственности | [Aut.: An. Gromyko, Y. Alimov, A. Chvédov et al.] |
| Последующие сведения об ответственности | Sous la dir. de An .Gromyko, mem. corr. de l'Acad. des sciences de l'URSS |
| -- | [Trad. du russe par Alexandre Vinokourov et Léonide Gourévitch] |
| 210 ## - ПУБЛИКАЦИЯ, РАСПРОСТРАНЕНИЕ И ДР. | |
| Место издания, распространения и т.д. | M. |
| Имя издателя, распространителя и т. д. | Progrès |
| Дата издания, распространения и т.д. | 1986 |
| 215 ## - ФИЗИЧЕСКАЯ ХАРАКТЕРИСТИКА | |
| Специфическое обозначение материала и объем | 319 с. |
| Размеры | 17 см |
| 300 ## - ОБЩИЕ ПРИМЕЧАНИЯ | |
| Текст примечания | В вып. дан.: Актуальные проблемы межафриканских отношений |
| 320 ## - ПРИМЕЧАНИЯ О НАЛИЧИИ В ДОКУМЕНТЕ БИБЛИОГРАФИИ / УКАЗАТЕЛЯ | |
| Текст примечания | Библиогр. в примеч.: с. 298-304 |
| 607 ## - ГЕОГРАФИЧЕСКОЕ НАИМЕНОВАНИЕ КАК ПРЕДМЕТ | |
| Географическое наименование | Африка |
| Тематический подзаголовок | История |
| Хронологический подзаголовок | 20 в. |
| Код системы | nlr_sh1 |
| 620 ## - МЕСТО И ДАТА ПУБЛИКАЦИИ, ИСПОЛНЕНИЯ И Т. Д. | |
| Страна | Москва |
| 686 ## - ИНДЕКСЫ ДРУГИХ КЛАССИФИКАЦИЙ | |
| Индекс | Т3(6)63 |
| Код системы | |
| 701 #1 - ИМЯ ЛИЦА - АЛЬТЕРНАТИВНАЯ ОТВЕТСТВЕННОСТЬ | |
| Графика поля | Латинская |
| Материалы, к которым относится поле | rus |
| Начальный элемент ввода | Gromyko |
| Часть имени, кроме начального элемента ввода | A. A. |
| Даты | 1932-2017 |
| Расширение инициалов личного имени | Anatolij Andreevič |
| Системный номер авторитетной/нормативной записи | 2648293 |
| Идентификатор авторитетной/нормативной записи | RU\NLR\AUTH\770276326 |
| 801 #1 - ИСТОЧНИК ЗАПИСИ | |
| Страна | российская федерация |
| Организация | Infocomm |
| Дата составления | 20130326 |
| 801 #0 - ИСТОЧНИК ЗАПИСИ | |
| Страна | российская федерация |
| Организация | INFOCOMM |
| Правила каталогизации | PSBO |
| 852 ## - МЕСТОНАХОЖДЕНИЕ И ШИФР ХРАНЕНИЯ | |
| Идентификатор организации | NLR |
| Шифр хранения (Call Number) | И87 Д-1/36 |
| 942 ## - ДОПОЛНИТЕЛЬНЫЕ ЭЛЕМЕНТЫ ЗАПИСИ (АБИС) | |
| Тип экземпляра АБИС | Книга |
| 980 ## - КОЛЛЕКЦИЯ | |
| Название коллекции | Национальная библиография |
Нет доступных экземпляров.